01096cam a2200265 a 45000010008000000030004000080050017000120080041000290100017000700200022000870400018001090430012001270500022001390820017001612450087001782600172002653000029004375040029004666500038004956500057005336500051005907000030006417000027006717100132006982897661OSt20230619103451.0870713s1987 gaua b s000 0 eng  a 87071207  a094308900X (pbk.) aDLCcDLCdDLC ad------00aPN5648b.H36 198700a070219bHES00aHandbook for Third World journalists /cedited by Albert L. Hester, Wai Lan J. To. aAthens :bCenter for International Mass Communication Training and Research, Henry W. Grady School of Journalism and Mass Communication, University of Georgia,cc1987. a220 p. :bill. ;c21 cm. aIncludes bibliographies. 0aJournalismzDeveloping countries. 0aJournalismxPolitical aspectszDeveloping countries. 0aReporters and reportingzDeveloping countries.1 aHester, Albert L.,d1932-1 aTo, Wai Lan J.,d1950-2 aHenry W. Grady School of Journalism and Mass Communication.bCenter for International Mass Communication Training and Research.